Traditional literatures of the American Indian : texts and interpretations /

Bibliographic Details
Other Authors: Kroeber, Karl, 1926-2009
Format: Book
Language:English
Published: Lincoln : University of Nebraska Press, [1981]
Subjects:

MARC

Tag First Indicator Second Indicator Subfields
LEADER 00000pam a2200000 a 4500
001 in00000072478
005 20151008053427.0
008 800610s1981 nbu b 00100 engm
010 |a  80018338  
020 |a 0803227043 
020 |a 0803277539 (pbk.) 
035 |a (OCoLC)06487141 
035 |9 AAH7393AM 
040 |a DLC  |c DLC  |d m.c.  |d TXA  |d UtOrBLW 
043 |a n------ 
049 |a TXAM  |c [985226] 
050 0 0 |a PM155  |b .T7 
082 0 |a 897 
245 0 0 |a Traditional literatures of the American Indian :  |b texts and interpretations /  |c compiled and edited by Karl Kroeber. 
264 1 |a Lincoln :  |b University of Nebraska Press,  |c [1981] 
264 4 |c ©1981 
300 |a 162 pages ;  |c 21 cm. 
336 |a text  |b txt  |2 rdacontent 
337 |a unmediated  |b n  |2 rdamedia 
338 |a volume  |b nc  |2 rdacarrier 
504 |a Includes bibliographical references and index. 
650 0 |a Indian literature  |z North America  |x History and criticism. 
650 0 |a Indians of North America  |v Folklore. 
700 1 |a Kroeber, Karl,  |d 1926-2009. 
999 |a MARS 
999 f f |s b699f64e-5f2d-3de0-829a-3b55d9b589a2  |i 66a37f28-a1ae-3d85-8908-a11452d759f9  |t 0 
952 f f |p ric  |a Texas A&M University  |b Rellis Campus  |c Joint Library Facility  |s JLF  |d Remote Storage  |t 0  |e PM155 .T7  |h Library of Congress classification  |i unmediated -- volume  |m A14806176686 
998 f f |a PM155 .T7  |t 0  |l Remote Storage